[Event "DSV-Turnier"]
[Site "Halle"]
[Date "1976.??.??"]
[Round "?"]
[White "Vaisman, Volodia"]
[Black "Barczay, Laszlo"]
[Result "1-0"]
[WhiteElo "2485"]
[BlackElo "2485"]

1.d4 Nf6 2.Nf3 g6 3.c4 Bg7 4.Nc3 O-O 5.e4 d6 6.Be2 e5 7.d5 a5 8.Bg5 Na6 9.Nd2 Nc5
10.O-O Qd7 11.b3 Ne8 12.a3 f5 13.f3 f4 14.Bh4 Bf6 15.Bf2 Qe7 16.b4 axb4 17.axb4 Rxa1
18.Qxa1 Na6 19.Qa3 Bh4 20.Nd1 Bxf2+ 21.Nxf2 Nf6 22.Rc1 g5 23.c5 dxc5 24.bxc5 h5
25.d6 cxd6 26.cxd6 Qd8 27.Bxa6 bxa6 28.Qc5 Qe8 29.Nd3 Nd7 30.Qd5+ Qf7 31.Qa8 Qa2
32.Rxc8 Qxd2 33.Rxf8+ Nxf8 34.Qd5+ Kg7 35.Qxe5+ Kh6 36.h4 Qxd3 37.Qf6+  1-0

[Event "DSV-Turnier"]
[Site "Halle"]
[Date "1976.??.??"]
[Round "?"]
[White "Vaisman, Volodia"]
[Black "Vogt, Lothar"]
[Result "0-1"]
[WhiteElo "2485"]
[BlackElo "2480"]

1.d4 Nf6 2.c4 g6 3.Nc3 Bg7 4.e4 d6 5.Be2 O-O 6.Nf3 e5 7.d5 a5 8.Bg5 h6 9.Bh4 Na6
10.Nd2 Qe8 11.g4 Nh7 12.Bg3 f5 13.gxf5 gxf5 14.exf5 Nc5 15.Nb3 Nxb3 16.axb3 Bxf5
17.Bg4 Ng5 18.h4 Bxg4 19.Qxg4 Nf3+ 20.Kd1 Nd4 21.Ra3 b5 22.Nxb5 Nxb5 23.cxb5 Qxb5
24.Qc4 Rab8 25.Kc2 e4 26.Qxb5 Rxb5 27.Re1 Rc5+ 28.Kb1 Re8 29.Ra4 Rxd5 30.Raxe4 Rxe4
31.Rxe4 Rd2 32.Re8+ Kh7 33.Re7 Rxb2+ 34.Kc1 Rxb3 35.Rxc7 Rc3+ 36.Rxc3 Bxc3
37.Bxd6 Kg6 38.Kc2 Bf6 39.Kb3 Bd8 40.Ka4 Kf5 41.f3 h5 42.Bg3 Ke6 43.Bf4 Bxh4
44.Kxa5 Kf5 45.Bd6 Be1+ 46.Kb5 h4 47.Kc4 Bg3 48.Kd3 Bxd6 49.Ke2 Bc5  0-1

[Event "DSV-Turnier"]
[Site "Halle"]
[Date "1976.??.??"]
[Round "?"]
[White "Balashov, Yuri S"]
[Black "Boensch, Uwe"]
[Result "1-0"]
[WhiteElo "2545"]
[BlackElo "2365"]

1.d4 Nf6 2.Nf3 d6 3.c4 g6 4.Nc3 Bg7 5.e4 O-O 6.Be2 Nbd7 7.O-O e5 8.Be3 c6
9.Qc2 exd4 10.Bxd4 Re8 11.Rad1 Qe7 12.Rfe1 Nc5 13.h3 Qf8 14.Bf1 a5 15.b3 Be6
16.Ng5 Bc8 17.Nf3 Be6 18.a3 Bc8 19.g3 Ne6 20.Be3 Nd7 21.Bg2 Nec5 22.Nd4 Qe7
23.f4 Nf6 24.Bf2 Qc7 25.Ndb5 cxb5 26.Nxb5 Qe7 27.Nxd6 Na6 28.e5 Nh5 29.Qd2 Bf8
30.Nxe8 Qxe8 31.g4 Ng7 32.Qxa5 h5 33.Qd8 Qe7 34.b4 hxg4 35.hxg4 Nc7 36.Qxe7 Bxe7
37.Rd3 Bxg4 38.Bxb7 Rb8 39.Bc6 Bf5 40.Be4 Nce6 41.Bg3 Nh5 42.Bxf5 gxf5 43.Rf1 Bf8
44.Rf2 Bh6 45.Kf1 Bxf4 46.Bxf4 Nhxf4 47.Rg3+ Kf8 48.Rgf3 Nh5 49.Rh2 Neg7
50.Rfh3 Ra8 51.c5 Ke7 52.Rxh5 Nxh5 53.Rxh5 Rxa3 54.c6 Kd8 55.Rxf5 Rc3 56.b5 Rc5
57.Rxf7 Rxb5 58.c7+  1-0

[Event "DSV-Turnier"]
[Site "Halle"]
[Date "1976.??.??"]
[Round "?"]
[White "Knaak, Rainer"]
[Black "Boensch, Uwe"]
[Result "1-0"]
[WhiteElo "2520"]
[BlackElo "2365"]

1.d4 Nf6 2.c4 d6 3.Nc3 Nbd7 4.e4 e5 5.Nf3 g6 6.Be2 Bg7 7.O-O O-O 8.d5 Nc5
9.Qc2 a5 10.Bg5 h6 11.Be3 Nfd7 12.Ne1 f5 13.exf5 gxf5 14.f4 e4 15.Qd2 Nf6
16.Bd4 Kh7 17.g3 Qe7 18.Ng2 Na6 19.Nd1 c5 20.dxc6 bxc6 21.Nde3 Nc5 22.Nh4 Ne8
23.Bh5 Bxd4 24.Qxd4 Qg7 25.Qd2 Nd3 26.Bg6+ Kh8 27.Nexf5 Bxf5 28.Bxf5 Qd4+
29.Kh1 Ng7 30.Bd7 Rfb8 31.b3 e3 32.Qe2 a4 33.Bxc6 axb3 34.Bxa8 Rxa8 35.Nf3 Qc3
36.Qxe3 Rxa2 37.Rxa2 bxa2 38.Qd4 Qc2 39.Ra1 Nc1 40.Qd2 Qe4 41.Rxc1 Qxf3+
42.Kg1  1-0

[Event "Lone Pine"]
[Site "Lone Pine"]
[Date "1976.??.??"]
[Round "3"]
[White "Browne, Walter S"]
[Black "Blumenfeld, Rudy"]
[Result "1-0"]
[WhiteElo "2585"]
[BlackElo "2200"]

1.d4 Nf6 2.c4 g6 3.Nc3 Bg7 4.e4 d6 5.Nf3 O-O 6.Be2 e5 7.d5 a5 8.O-O Na6 9.Ne1 Nc5
10.Qc2 Nh5 11.Bxh5 gxh5 12.Nd3 f5 13.Nxc5 dxc5 14.exf5 e4 15.Nxe4 Bxf5 16.Be3 Qe7
17.f3 Rae8 18.Rae1 Bxe4 19.Qxe4 Qxe4 20.fxe4 Rxf1+ 21.Kxf1 Rxe4 22.b3 Bf8
23.Bd2 Rxe1+ 24.Bxe1 b6 25.Ke2 Bd6 26.h3 Kf7 27.Kf3 Kg6 28.Ke4 Kg5 29.Bd2+ Kg6
30.h4 Kf6 31.Bf4 Kg6 32.Be5  1-0

[Event "Lone Pine"]
[Site "Lone Pine"]
[Date "1976.??.??"]
[Round "7"]
[White "Frey, Kenneth"]
[Black "Dake, Arthur William"]
[Result "0-1"]
[WhiteElo "2295"]
[BlackElo "2360"]

1.d4 Nf6 2.Nf3 g6 3.c4 Bg7 4.Nc3 O-O 5.e4 d6 6.Be2 e5 7.dxe5 dxe5 8.Qxd8 Rxd8
9.Nd5 Nxd5 10.cxd5 c5 11.Be3 b6 12.Nd2 Ba6 13.a4 Bxe2 14.Kxe2 Nd7 15.Rhb1 Bf8
16.Nc4 Re8 17.Na3 a6 18.Nc4 f5 19.f3 fxe4 20.fxe4 b5 21.Nd2 c4 22.Ra2 Nc5
23.Bxc5 Bxc5 24.Rc1 Rab8 25.axb5 axb5 26.Nf3 Rf8 27.g3 Rb7 28.Ra5 Bd4 29.b3 Rxf3
30.Kxf3 cxb3 31.Rb1 b2 32.Kg4 b4 33.Ra2 Kf7 34.Raxb2 Bxb2 35.Rxb2 b3 36.h4 Rb4
37.Kf3 Ke7 38.Kg4 Rxe4+ 39.Kg5 Re3 40.g4 Rg3 41.Kh6 Rxg4 42.Kxh7 Rxh4+ 43.Kxg6 Rb4  0-1

[Event "Majdanpek"]
[Site "Majdanpek"]
[Date "1976.??.??"]
[Round "6"]
[White "Benko, Pal C"]
[Black "Padevsky, Nikola"]
[Result "1/2-1/2"]
[WhiteElo "2480"]
[BlackElo "2475"]

1.c4 g6 2.e4 Bg7 3.d4 d6 4.Nc3 e5 5.Nf3 Nd7 6.Be2 Ngf6 7.O-O O-O 8.Re1 c6
9.Bf1 a6 10.a3 b5 11.h3 Bb7 12.dxe5 dxe5 13.Be3 Qe7 14.Qc2 Rfd8 15.b4 Ne8
16.c5 Nf8 17.Bd3  1/2-1/2

[Event "Novi Sad"]
[Site "Novi Sad"]
[Date "1976.??.??"]
[Round "?"]
[White "Hort, Vlastimil"]
[Black "Vukic, Milan"]
[Result "1-0"]
[WhiteElo "2600"]
[BlackElo "2510"]

1.d4 Nf6 2.c4 g6 3.Nc3 Bg7 4.e4 d6 5.Nf3 O-O 6.Be2 e5 7.d5 a5 8.Bg5 h6 9.Bh4 Na6
10.Nd2 Bd7 11.a3 Qe8 12.b3 Nh7 13.f3 h5 14.Bf2 Bh6 15.Rb1 Qe7 16.b4 axb4
17.axb4 b6 18.Nf1 f5 19.Bd3 Nf6 20.Qc2 fxe4 21.Nxe4 Nxe4 22.Bxe4 Bf5 23.Ng3 Qf7
24.h4 Kh8 25.O-O Bf4 26.Ne2 Bxe4 27.Qxe4 Bd2 28.Nd4 Bxb4 29.Ne6 Bc5 30.Nxf8 Rxf8
31.Ra1 Bxf2+ 32.Rxf2 Nc5 33.Qe3 Qf4 34.Qxf4 Rxf4 35.Ra7 Rf7 36.Rfa2 Kg7 37.Ra8 e4
38.Rc8 exf3 39.gxf3 Kf6 40.Kf2 Nd3+ 41.Kg3 Ne5 42.Ra4 Kf5 43.c5 g5 44.c6 Nxf3
45.Kxf3 Ke5+ 46.Kg2 Kxd5 47.hxg5 Rg7 48.Kf3 Kxc6 49.Rxc7+  1-0

[Event "CSR-ch"]
[Site "Ostrava"]
[Date "1976.??.??"]
[Round "4"]
[White "Plachetka, Jan"]
[Black "Sikora Lerch, Jan"]
[Result "0-1"]
[WhiteElo "2470"]
[BlackElo "2310"]

1.Nf3 g6 2.d4 Nf6 3.c4 Bg7 4.Nc3 O-O 5.e4 d6 6.Be2 e5 7.Be3 c6 8.O-O exd4
9.Bxd4 Re8 10.Qc2 Qe7 11.Rfe1 Na6 12.Rad1 Nc5 13.Nd2 a5 14.Bf1 Ne6 15.Bb6 Nc5
16.Bxc5 dxc5 17.h3 Nd7 18.Nf3 Ne5 19.Nxe5 Bxe5 20.Ne2 Qf6 21.b3 Be6 22.g3 g5
23.Bg2 Kh8 24.Qd2 Rg8 25.Qe3 b6 26.a4 Rad8 27.Rd2 Bd4 28.Nxd4 cxd4 29.Qe2 Qh6
30.Red1 c5 31.Qf1 Rde8 32.Rd3 Bd7 33.Re1 Re7 34.Kh2 Rge8 35.f4 gxf4 36.Qxf4 Qxf4
37.gxf4 Bf5 38.Rd2 Bxe4 39.Rde2 f5 40.h4 Kg7 41.Bh3 Kf6 42.Rg1 Bc6 43.Rxe7 Rxe7
44.Rg5 Be4  0-1

[Event "CSR-ch"]
[Site "Ostrava"]
[Date "1976.??.??"]
[Round "6"]
[White "Jankovec, Ivan"]
[Black "Kubicek, Antonin"]
[Result "1-0"]
[WhiteElo "2375"]
[BlackElo "2325"]

1.d4 g6 2.Nf3 Nf6 3.c4 Bg7 4.Nc3 O-O 5.e4 d6 6.Be2 e5 7.Be3 Ng4 8.Bg5 f6
9.Bh4 g5 10.Bg3 Nh6 11.dxe5 dxe5 12.h4 g4 13.Nh2 Nc6 14.Qxd8 Rxd8 15.Nd5 Nd4
16.Rc1 c6 17.Ne7+ Kf7 18.Nxc8 Nxe2 19.Kxe2 Raxc8 20.f3 gxf3+ 21.gxf3 f5 22.Bf2 Bf6
23.Be3 f4 24.Bf2 b6 25.a4 Be7 26.Rhd1 Bc5 27.Nf1 Bxf2 28.Kxf2 Ng8 29.Ke2 Ne7
30.c5 Rxd1 31.Rxd1 bxc5 32.Rd7 Rb8 33.Rxa7 Rxb2+ 34.Nd2 Ke6 35.Kd3 h5 36.a5 Ng6
37.a6 Ra2 38.Ra8 Ra3+ 39.Kc2 Kd7 40.Nc4 Ra1 41.Kb2  1-0

[Event "Pernik"]
[Site "Pernik"]
[Date "1976.??.??"]
[Round "6"]
[White "Spassov, Liuben"]
[Black "Ermenkov, Evgenij"]
[Result "1-0"]
[WhiteElo "2490"]
[BlackElo "2435"]

1.Nf3 Nf6 2.c4 g6 3.Nc3 Bg7 4.e4 d6 5.d4 O-O 6.Be2 Nbd7 7.O-O e5 8.Be3 c6
9.Qc2 Re8 10.Rad1 a5 11.Rfe1 Qe7 12.h3 Qf8 13.dxe5 dxe5 14.Na4 Bh6 15.Bb6 Nxb6
16.Nxb6 Rb8 17.c5 Qe7 18.Rd6 Nd7 19.Nxd7 Bxd7 20.Red1 Be6 21.Bc4 Bxc4 22.Qxc4 Bf8
23.b3 b6 24.cxb6 Rxb6 25.Rxc6 Rb4 26.Qc2 Qb7 27.Rc7 Qxe4 28.Qxe4 Rxe4 29.Rxf7 Re2
30.Rdd7 e4 31.Ng5 e3 32.fxe3 R8xe3 33.Rd8 Re8 34.Rxe8 Rxe8 35.Rd7 Re2 36.Kf1 Re5
37.Nf3 Rc5 38.Ke2 Bh6 39.Kd3 Rc1 40.Ra7 Rd1+ 41.Ke4 Rc1 42.Rxa5 Rc2 43.Ra8+ Kg7
44.g4 Re2+ 45.Kd5 Bf4 46.Nd4 Rd2 47.Ke4 Bg3 48.b4 Rh2 49.b5 Rxh3 50.Ra3 h5
51.Ne6+ Kf6 52.Nf4 Rh2 53.Rxg3 hxg4 54.Rg2 g3 55.Rxg3 Rxa2 56.Rxg6+ Ke7 57.Nd5+ Kd7
58.Kd4 Rc2 59.Nb6+ Kc7 60.Nc4 Rh2 61.Rg7+  1-0

[Event "Poznan"]
[Site "Poznan"]
[Date "1976.??.??"]
[Round "3"]
[White "Kuligowski, Adam"]
[Black "Bielczyk, Jacek"]
[Result "0-1"]
[WhiteElo "2345"]
[BlackElo "2375"]

1.d4 Nf6 2.c4 d6 3.Nc3 Nbd7 4.e4 e5 5.Nf3 g6 6.Be2 Bg7 7.O-O O-O 8.Re1 a5
9.Bf1 c6 10.Rb1 Re8 11.d5 Nc5 12.b3 Bd7 13.Nd2 Bh6 14.a3 cxd5 15.cxd5 b5
16.b4 axb4 17.Rxb4 Rb8 18.Qc2 Na6 19.Rxb5 Ra8 20.Rb1 Qc7 21.Nc4 Bxc1 22.Qxc1 Nc5
23.Rb4 Reb8 24.Qb2 Rxb4 25.axb4 Na4 26.Nxa4 Rxa4 27.Bd3 Qb8 28.Rb1 Bb5 29.Bc2 Ra7
30.Na5 Qb6 31.Rc1 Rc7 32.Bb1 Qd4 33.Qa3 Rxc1+ 34.Qxc1 Qxb4  0-1

[Event "URS-ch otbor"]
[Site "Rostov"]
[Date "1976.??.??"]
[Round "?"]
[White "Doroshkievich, Vladimir K"]
[Black "Loginov, Valery A"]
[Result "1-0"]
[WhiteElo "2425"]
[BlackElo "2200"]

1.d4 Nf6 2.c4 g6 3.Nc3 Bg7 4.e4 d6 5.Nf3 O-O 6.Be2 e5 7.d5 a5 8.O-O Na6 9.Bg5 h6
10.Bh4 Qe8 11.Nd2 Nh7 12.a3 Bd7 13.Nb5 h5 14.f3 Bh6 15.Nb1 Be3+ 16.Kh1 Bxb5
17.cxb5 Nc5 18.b3 f5 19.exf5 Rxf5 20.Nc3 Rf4 21.Be1 Nf6 22.b6 cxb6 23.Nb5 Qd7
24.b4 axb4 25.axb4 Rxa1 26.Qxa1 Nb3 27.Qc3 Nd4 28.Qxe3 Nxb5 29.g3 Rd4 30.Qh6 Kf7
31.g4 Nc7 32.Bc3 Rf4 33.Bd3 Ncxd5 34.Bxg6+ Ke6 35.Qxf4 Nxf4 36.Bf5+ Kf7 37.Bxd7 Nxd7
38.Bd2 Ne6 39.gxh5 d5 40.h6 Nf6 41.Re1 e4 42.fxe4 Nxe4 43.Be3 Kg6 44.Rg1+ Kh7
45.Rd1 Nf6 46.Kg2 b5 47.Kf3 Kg6 48.h4 Kh7 49.Bg5  1-0

[Event "Vitrobud op"]
[Site "Sandomierz"]
[Date "1976.??.??"]
[Round "3"]
[White "Knaak, Rainer"]
[Black "Wirthensohn, Heinz"]
[Result "1-0"]
[WhiteElo "2520"]
[BlackElo "2385"]

1.d4 Nf6 2.c4 d6 3.Nc3 Nbd7 4.e4 e5 5.Nf3 g6 6.Be2 Bg7 7.O-O O-O 8.d5 Nc5
9.Qc2 a5 10.Bg5 Qd7 11.Nd2 Ne8 12.Be3 f5 13.exf5 gxf5 14.f4 exf4 15.Bxf4 Nf6
16.Rae1 Qf7 17.Nb5 Bd7 18.Nxc7 Ba4 19.b3 Qxc7 20.bxa4 Nfe4 21.Nxe4 fxe4 22.Rb1 Ra6
23.Be3 Rxf1+ 24.Bxf1 Rb6 25.Rb5 Rxb5 26.axb5 b6 27.Qf2 Qd7 28.Qh4 Be5 29.Be2 Qe8
30.Bg4 Qf8 31.Be6+ Kh8 32.Qg5 Bf6 33.Qh5 Qe7 34.Bf5 Na4 35.Qh6 Bc3 36.Qe6 Qf8
37.Qxe4 Nc5 38.Qg4 Qe7 39.Be6 Bg7 40.Bg5 Qf8 41.h4 Nd3 42.Qf5 Qxf5 43.Bxf5 Nb2
44.c5 bxc5 45.b6  1-0

[Event "Vitrobud op"]
[Site "Sandomierz"]
[Date "1976.??.??"]
[Round "7"]
[White "Schaufelberger, Heinz"]
[Black "Wirthensohn, Heinz"]
[Result "1/2-1/2"]
[WhiteElo "2325"]
[BlackElo "2385"]

1.d4 Nf6 2.c4 g6 3.Nc3 Bg7 4.e4 d6 5.Nf3 O-O 6.Be2 e5 7.O-O Nbd7 8.d5 Nc5
9.Qc2 a5 10.Bg5 h6 11.Bh4 g5 12.Bg3 Nh5 13.Nd2 Nf4 14.Nb3 b6 15.Nxc5  1/2-1/2

[Event "Vinkovci"]
[Site "Vinkovci"]
[Date "1976.??.??"]
[Round "?"]
[White "Hort, Vlastimil"]
[Black "Nemet, Ivan"]
[Result "1-0"]
[WhiteElo "2600"]
[BlackElo "2455"]

1.d4 Nf6 2.c4 g6 3.Nc3 Bg7 4.e4 d6 5.Be2 O-O 6.Nf3 e5 7.d5 Nbd7 8.Bg5 h6
9.Bh4 g5 10.Bg3 Nh5 11.Nd2 Nf4 12.O-O f5 13.exf5 Nf6 14.Bxf4 exf4 15.g4 fxg3
16.fxg3 c6 17.Nb3 Qb6+ 18.Kg2 Bd7 19.g4 cxd5 20.Nxd5 Nxd5 21.Qxd5+ Kh8 22.Bf3 Rae8
23.Rae1 Bc6 24.Qd2 Bxf3+ 25.Kxf3 Qa6 26.Rxe8 Rxe8 27.Re1 Qc6+ 28.Kf2 Rxe1
29.Qxe1 Be5 30.Nd2 Qb6+ 31.Kf1 Qd4 32.Qe2 h5 33.gxh5 Qxb2 34.Ne4 Qc1+ 35.Kg2 Kh7
36.f6 Qf4 37.Qf3 Qxh2+ 38.Kf1 Bf4 39.f7 Kg7 40.Nxg5 Qxa2 41.Qxf4  1-0

[Event "Vinkovci"]
[Site "Vinkovci"]
[Date "1976.??.??"]
[Round "?"]
[White "Polugaevsky, Lev"]
[Black "Minic, Dragoljub"]
[Result "1-0"]
[WhiteElo "2635"]
[BlackElo "2430"]

1.c4 g6 2.d4 Bg7 3.e4 d6 4.Nc3 e5 5.Nf3 Nd7 6.Be2 Ngf6 7.O-O O-O 8.Re1 c6
9.Bf1 a5 10.Rb1 Re8 11.d5 Nc5 12.b3 Bd7 13.Nd2 Bh6 14.a3 cxd5 15.cxd5 Rf8
16.Nc4 Bxc1 17.Qxc1 Ne8 18.Qe3 Rc8 19.b4 axb4 20.axb4 Na6 21.Rec1 f5 22.Qb6 Nac7
23.Nxd6 Nxd6 24.Qxd6 fxe4 25.Qxe5 Bf5 26.d6 Ne8 27.Nxe4 Bxe4 28.Qe6+ Kg7
29.Rxc8 Qb6 30.Rb2 Nxd6 31.Rxf8  1-0

[Event "Hoogovens-B"]
[Site "Wijk aan Zee"]
[Date "1976.??.??"]
[Round "5"]
[White "Farago, Ivan"]
[Black "Christiansen, Larry Mark"]
[Result "1/2-1/2"]
[WhiteElo "2420"]
[BlackElo "2400"]

1.d4 Nf6 2.c4 g6 3.Nc3 Bg7 4.e4 d6 5.Be2 O-O 6.Nf3 e5 7.O-O exd4 8.Nxd4 Re8
9.f3 c6 10.Kh1 d5 11.cxd5 cxd5 12.Bb5 Bd7 13.exd5 Bxb5 14.Ndxb5 a6 15.Na3 Nbd7
16.Bg5 h6 17.Bh4 b5 18.Nc2 Nb6 19.Re1 Qd7 20.Bxf6  1/2-1/2

[Event "Hoogovens-B"]
[Site "Wijk aan Zee"]
[Date "1976.??.??"]
[Round "7"]
[White "Farago, Ivan"]
[Black "Westerinen, Heikki MJ"]
[Result "0-1"]
[WhiteElo "2420"]
[BlackElo "2485"]

1.d4 Nf6 2.c4 g6 3.Nc3 Bg7 4.e4 d6 5.Be2 O-O 6.Nf3 Nbd7 7.O-O e5 8.Re1 c6
9.Bf1 a6 10.d5 c5 11.g3 Ne8 12.a3 Rb8 13.b4 Nc7 14.Rb1 f5 15.Bg5 Qe8 16.exf5 gxf5
17.Nh4 e4 18.Rb3 b5 19.Bf4 bxc4 20.Bxc4 Ne5 21.bxc5 Nxc4 22.Rxb8 Bxc3 23.cxd6 Nb5
24.Qc1 Bxe1 25.Qxc4 Qd7 26.Qc1 Qa7 27.Qxe1 Qxb8 28.d7 Qb7 29.dxc8=Q Qxc8
30.Qd1 Qc3 31.Nxf5 Qf3 32.Nh6+ Kg7 33.Qa1+ Nc3 34.Be3 Qd1+ 35.Qxd1 Nxd1 36.Bf4 Nc3
37.Be5+ Kxh6 38.Bxc3 Rd8 39.Kf1 Rxd5 40.Ke2 Kg5 41.h4+ Kg4 42.Bb4 Rd3 43.Bc5 Rc3
44.Bb4 Rb3 45.Bd6 Kf5 46.Bb4 h5 47.Bc5 a5 48.Bf8 a4 49.Bc5 Ke5 50.Bf8 Kd5
51.Be7 Rb7 52.Bf8 Kd4 53.Kf1 Rf7 54.Bh6 Rf3 55.Be3+ Rxe3 56.fxe3+ Kxe3  0-1

[Event "Hoogovens-B"]
[Site "Wijk aan Zee"]
[Date "1976.??.??"]
[Round "9"]
[White "Nikolac, Juraj"]
[Black "Ligterink, Gert"]
[Result "0-1"]
[WhiteElo "2485"]
[BlackElo "2400"]

1.d4 Nf6 2.c4 g6 3.Nc3 Bg7 4.e4 d6 5.Be2 O-O 6.Nf3 e5 7.d5 a5 8.O-O Na6 9.Qc2 Nh5
10.Ne1 Nf4 11.Bf3 f5 12.Be3 b6 13.exf5 Bxf5 14.Be4 Nc5 15.Bxf5 Rxf5 16.g3 Nh3+
17.Kg2 Qd7 18.Nd3 Nxd3 19.Qxd3 Nf4+ 20.gxf4 exf4 21.Bd2 f3+ 22.Kh1 Be5 23.Rfe1 Rh5
24.Qxf3 Rxh2+ 25.Kg1 Rf8 26.Rxe5 Rxf3 27.Re6 Rfxf2 28.Ne4 Qf7 29.Nf6+ Rxf6
30.Kxh2 Rxe6  0-1

[Event "Yerevan"]
[Site "Yerevan"]
[Date "1976.??.??"]
[Round "?"]
[White "Ornstein, Axel"]
[Black "Savon, Vladimir A"]
[Result "0-1"]
[WhiteElo "2470"]
[BlackElo "2545"]

1.Nf3 Nf6 2.c4 g6 3.Nc3 Bg7 4.e4 d6 5.d4 O-O 6.Be2 e5 7.Be3 Qe7 8.d5 Nbd7
9.Nd2 a5 10.O-O Ne8 11.Qc2 Nc5 12.a3 f5 13.b4 Na6 14.f3 axb4 15.axb4 Nxb4
16.Qb3 Na6 17.c5 Kh8 18.c6 bxc6 19.Qc4 c5 20.Ra5 Bf6 21.Rfa1 Bg5 22.Nd1 Rb8
23.Rxa6 Bxa6 24.Qxa6 Ng7 25.Qd3 Nh5 26.g3 f4 27.Bf2 fxg3 28.hxg3 Bf4 29.Nf1 Qg5
30.Kh2 Qh6 31.Kg2 Qg5 32.Qc3 Rb4 33.Nde3 Bxe3 34.Bxe3 Nf4+ 35.Kf2 Nxe2 36.Kxe2 Qh5
37.Nd2 Qh2+ 38.Bf2 Rd4 39.Nb3 Rxe4+ 40.fxe4 Rxf2+  0-1

[Event "Yerevan"]
[Site "Yerevan"]
[Date "1976.??.??"]
[Round "?"]
[White "Smejkal, Jan"]
[Black "Vasiukov, Evgeni"]
[Result "1/2-1/2"]
[WhiteElo "2615"]
[BlackElo "2580"]

1.Nf3 Nf6 2.c4 g6 3.Nc3 Bg7 4.e4 d6 5.d4 O-O 6.Be2 e5 7.O-O Nbd7 8.Re1 c6
9.Bf1 Qb6 10.d5 Ng4 11.Qc2 f5 12.h3 Nh6 13.dxc6 bxc6 14.Bg5 Nf6 15.Qd2 Nxe4
16.Nxe4 fxe4 17.Rxe4 Nf5 18.c5 Qxc5 19.Rc1 Qb6 20.Rb4 Qc7 21.Bc4+ Kh8 22.Bd5 Bd7
23.Bxc6 Bxc6 24.Rbc4 Qb8 25.Rxc6 e4 26.Nh4 Qxb2 27.Nxf5 Qxd2  1/2-1/2

[Event "BCF-ch"]
[Site "Brighton"]
[Date "1977.08.18"]
[Round "10"]
[White "Neat, Kenneth P"]
[Black "Littlewood, John Eric"]
[Result "1/2-1/2"]
[WhiteElo "2310"]
[BlackElo "2350"]

1.d4 Nf6 2.c4 g6 3.Nc3 Bg7 4.e4 d6 5.Be2 O-O 6.Nf3 e5 7.O-O exd4 8.Nxd4 Re8
9.f3 Nc6 10.Nc2 a6 11.Bg5 h6 12.Bh4 g5 13.Bf2 Ne5 14.Ne3 c6 15.Qd2 b5 16.Rfd1 Be6
17.cxb5 axb5 18.Qxd6 Qxd6 19.Rxd6 b4 20.Ncd1 Bf8 21.Rd2 Bxa2  1/2-1/2

[Event "IBM-B"]
[Site "Amsterdam"]
[Date "1977.??.??"]
[Round "1"]
[White "Langeweg, Kick"]
[Black "Scheeren, Peter"]
[Result "1/2-1/2"]
[WhiteElo "2445"]
[BlackElo "2200"]

1.Nf3 Nf6 2.c4 g6 3.Nc3 Bg7 4.e4 O-O 5.d4 d6 6.Be2 e5 7.Be3 c6 8.O-O exd4
9.Bxd4 Re8 10.Qc2 Nbd7 11.Rad1 Qe7 12.Rfe1 Ne5 13.h3 Bh6 14.b4 b6 15.c5 Nxf3+
16.Bxf3 bxc5 17.bxc5 dxc5 18.Be3 Bxe3 19.Rxe3 Qe5 20.Na4 Be6 21.Nxc5 Rab8
22.Rc3 Bxa2 23.Nd3 Bb1 24.Nxe5  1/2-1/2

[Event "IBM-B"]
[Site "Amsterdam"]
[Date "1977.??.??"]
[Round "9"]
[White "Scheeren, Peter"]
[Black "Diesen, Mark C"]
[Result "0-1"]
[WhiteElo "2200"]
[BlackElo "2360"]

1.d4 Nf6 2.c4 g6 3.Nc3 Bg7 4.e4 d6 5.Be2 O-O 6.Nf3 e5 7.Be3 Ng4 8.Bg5 f6
9.Bc1 Nc6 10.h3 exd4 11.Nxd4 Nh6 12.Nxc6 bxc6 13.Be3 f5 14.Qd2 Nf7 15.c5 fxe4
16.Nxe4 d5 17.Ng5 Rb8 18.Nxf7 Rxf7 19.Bd4 Qh4 20.g4 Bxd4 21.Qxd4 Re7 22.Kd1 Re4
23.Qd2 Qf6 24.Kc1 Qxf2 25.Bd3 Qxc5+ 26.Qc2 Qe3+ 27.Kb1 Rf4 28.Rf1 Rbb4 29.a3 Rxf1+
30.Bxf1 Rf4 31.Ka2 c5 32.Bb5 a6 33.Bc6 Be6 34.Rd1 Rf2 35.Qc1 d4+ 36.Kb1 Qb3
37.Rd2 d3  0-1

[Event "IBM-B"]
[Site "Amsterdam"]
[Date "1977.??.??"]
[Round "9"]
[White "Langeweg, Kick"]
[Black "Ligterink, Gert"]
[Result "1/2-1/2"]
[WhiteElo "2445"]
[BlackElo "2430"]

1.Nf3 Nf6 2.c4 g6 3.Nc3 Bg7 4.e4 d6 5.d4 O-O 6.Be2 e5 7.Be3 Qe7 8.dxe5 dxe5
9.Nd5 Nxd5 10.cxd5 c6 11.d6 Qe6 12.Ng5 Qf6 13.Qd2 h6 14.Nf3 Kh7 15.h4 Qd8
16.h5 g5 17.Nh2 f5 18.exf5 Bxf5 19.g4 Be6 20.Bc4 Bxc4 21.Qc2+ Kh8 22.Qxc4 Qa5+
23.Ke2 Nd7 24.Rhd1 e4 25.Kf1 Rae8 26.Kg2 Qe5 27.Rd2 Qe6 28.Rc1  1/2-1/2

[Event "IBM-B"]
[Site "Amsterdam"]
[Date "1977.??.??"]
[Round "11"]
[White "Szmetan, Jorge"]
[Black "Ftacnik, Lubomir"]
[Result "1/2-1/2"]
[WhiteElo "2435"]
[BlackElo "2360"]

1.e4 g6 2.d4 Bg7 3.c4 d6 4.Nc3 Nf6 5.Be2 O-O 6.Nf3 e5 7.O-O Nbd7 8.Re1 c6
9.Bf1 a5 10.Rb1 Re8 11.d5 Nc5 12.b3 Bd7 13.a3 cxd5 14.cxd5 b5 15.b4 axb4
16.Rxb4 Rb8 17.Qc2 Qa5 18.Qb2 Na6 19.Rb3 Nc5  1/2-1/2

[Event "URS-FL"]
[Site "Baku"]
[Date "1977.??.??"]
[Round "7"]
[White "Savon, Vladimir A"]
[Black "Rashkovsky, Nukhim N"]
[Result "1/2-1/2"]
[WhiteElo "2540"]
[BlackElo "2510"]

1.d4 Nf6 2.c4 g6 3.Nc3 Bg7 4.e4 d6 5.Nf3 O-O 6.Be2 e5 7.dxe5 dxe5 8.Qxd8 Rxd8
9.Bg5 Re8 10.Nd5 Nxd5 11.cxd5 c6 12.Bc4 cxd5 13.Bxd5 Nc6 14.O-O Be6 15.Bxe6 Rxe6
16.Rfd1 Nd4 17.Kf1 Rc8 18.Rac1 Rec6 19.Rxc6 Rxc6 20.Rc1 Rxc1+ 21.Bxc1 Nxf3
22.gxf3  1/2-1/2

[Event "URS-FL"]
[Site "Baku"]
[Date "1977.??.??"]
[Round "10"]
[White "Taimanov, Mark E"]
[Black "Timoshchenko, Gennadi A"]
[Result "1/2-1/2"]
[WhiteElo "2530"]
[BlackElo "2505"]

1.d4 Nf6 2.c4 g6 3.Nc3 Bg7 4.e4 d6 5.Nf3 O-O 6.Be2 e5 7.O-O Nbd7 8.Be3 Ng4
9.Bg5 f6 10.Bd2 Nh6 11.Qc2 c6 12.Rad1 Qe7 13.Rfe1 Nf7 14.Bc1 Ng5 15.dxe5 Nxf3+
16.Bxf3 dxe5 17.b3 Re8 18.Na4 Nf8 19.Be3 Ne6 20.c5 Bf8 21.b4 Nc7 22.Be2 Be6
23.Bc4 Rad8 24.Nb2 Rxd1 25.Rxd1 Rd8  1/2-1/2

[Event "Biel"]
[Site "Biel"]
[Date "1977.??.??"]
[Round "7"]
[White "Huss, Andreas"]
[Black "Torre, Eugenio"]
[Result "1/2-1/2"]
[WhiteElo "2350"]
[BlackElo "2550"]

1.d4 Nf6 2.Nf3 g6 3.c4 Bg7 4.Nc3 O-O 5.e4 d6 6.Be2 e5 7.d5 a5 8.Bg5 h6 9.Bh4 Na6
10.Nd2 Qe8 11.O-O Nh7 12.a3 h5 13.h3 Bd7 14.b4 Qc8 15.Rb1 Bh6 16.Bg3 Bxh3
17.gxh3 Qxh3 18.Re1 f5 19.exf5 gxf5 20.Bf1 Qg4 21.Qxg4+ hxg4 22.Red1 b6 23.bxa5 bxa5
24.Rb7 Rfb8 25.Rxb8+ Rxb8 26.Nb5 Nc5 27.Be2 Bg5 28.f3 Na4 29.fxg4 Rxb5 30.cxb5 Nc3
31.gxf5 Nxd1 32.Ne4 Ne3 33.Be1 Bd8 34.Bxa5 Nxf5 35.Bg4 Nd4 36.Nxd6 Nf6 37.Be6+ Nxe6
38.dxe6 Nd5 39.Nc4 e4 40.a4 Kg7 41.Kf2 Kf6 42.Bd2 Kxe6 43.a5 Be7  1/2-1/2

[Event "Biel"]
[Site "Biel"]
[Date "1977.??.??"]
[Round "10"]
[White "Robatsch, Karl"]
[Black "Wirthensohn, Heinz"]
[Result "1/2-1/2"]
[WhiteElo "2435"]
[BlackElo "2390"]

1.c4 g6 2.e4 Bg7 3.d4 d6 4.Nc3 Nf6 5.Be2 O-O 6.Nf3 e5 7.O-O Nbd7 8.Qc2 c6
9.Rd1 Qe7 10.Rb1 exd4 11.Nxd4 Nc5 12.f3 Nh5 13.b4 Ne6 14.Be3 f5 15.Qd2 f4
16.Bf2 Be5 17.Nb3 Qg7 18.Rbc1 g5 19.c5 dxc5 20.Nxc5 Nxc5 21.Bxc5 Re8 22.Bd4 Be6
23.Bxe5 Qxe5 24.Qd6 Qxd6 25.Rxd6 Rad8 26.Rcd1 Rxd6 27.Rxd6 Kf7 28.Kf2 Nf6
29.g3 Ke7 30.Rd1 Nd7 31.h4 fxg3+ 32.Kxg3 h6 33.Kf2 Ne5 34.Ke3 Rf8 35.hxg5 hxg5
36.Rh1 Nf7 37.a3 b6 38.Rc1  1/2-1/2

[Event "Tungsram"]
[Site "Budapest"]
[Date "1977.??.??"]
[Round "?"]
[White "Ree, Hans"]
[Black "Knaak, Rainer"]
[Result "1-0"]
[WhiteElo "2460"]
[BlackElo "2500"]

1.d4 Nf6 2.c4 d6 3.Nc3 Nbd7 4.e4 e5 5.Nf3 g6 6.Be2 Bg7 7.O-O O-O 8.Qc2 c6
9.Be3 Ng4 10.Bg5 f6 11.Bd2 Qe7 12.Rad1 Nh6 13.Bc1 f5 14.exf5 gxf5 15.Rfe1 Qf6
16.Bg5 Qg6 17.dxe5 dxe5 18.Be7 Re8 19.Rd6 Qf7 20.Bg5 Qf8 21.Red1 Nf7 22.Rxd7 Bxd7
23.Rxd7 e4 24.Rxf7 Qxf7 25.Nh4 Bf6 26.Bxf6 Qxf6 27.g3 Qg5 28.c5 Kh8 29.Ng2 Rad8
30.h4 Qd2 31.Qb3 Re7 32.Bc4 Qc1+ 33.Kh2 Rd2 34.Ne2 Qxb2 35.Qe3 Re8 36.Ngf4 Rd7
37.Be6 Rd1 38.Bxf5 Qa1 39.g4 Rh1+ 40.Kg3 Qe5 41.h5 Rxh5 42.gxh5 Qxf5 43.Kg2 Qg4+
44.Kf1 Qg7 45.Ng3 a5 46.a4 Qf6 47.Nfe2 Qf3 48.Qd4+ Kg8 49.h6 Re7 50.Qd8+ Qf8
51.Qd6 e3 52.f4 Qf7 53.f5 Rd7 54.Qb8+ Qf8 55.Qe5 Qe7 56.Qb8+ Qf8 57.Qe5 Qe7
58.Qf4 Qxc5 59.Ne4 Qe7 60.f6 Qf8 61.Qg4+  1-0

[Event "HUN-ch"]
[Site "Budapest"]
[Date "1977.??.??"]
[Round "?"]
[White "Schneider, Attila"]
[Black "Perenyi, Bela"]
[Result "1/2-1/2"]
[WhiteElo "2390"]
[BlackElo "2270"]

1.Nf3 Nf6 2.c4 g6 3.Nc3 Bg7 4.e4 d6 5.d4 O-O 6.Be2 e5 7.d5 a5 8.O-O Na6 9.Nd2 Ne8
10.Nb3 b6 11.Be3 f5 12.exf5 Bxf5 13.f3 Nf6 14.Bd3 Nh5 15.Be4 Nf4 16.Bxf4 Bxe4
17.Nxe4 Rxf4 18.Nbd2 Qe7 19.Nb1 Raf8 20.Nbc3 Nc5 21.Qe2 g5 22.g3 R4f5 23.Nxc5 bxc5
24.Ne4 h5 25.Kg2 Bh6 26.h3 Qh7 27.g4 Rf4 28.Rad1 Qd7 29.Rd3 Rb8 30.Rb3 Rb4
31.Rxb4 axb4 32.Qc2 Kh8 33.a3 bxa3 34.bxa3 Rf8 35.Rb1 Ra8 36.Rb3 Kg7 37.Ng3 Kh8
38.Qg6 Qh7 39.Qxh7+ Kxh7 40.Nxh5 Ra4 41.Rc3 Kg6 42.Ng3 e4 43.Nf5 exf3+ 44.Kxf3 Bg7
45.Nxg7 Kxg7 46.Kg3 Kg6 47.h4 gxh4+ 48.Kxh4 Ra8 49.Re3 Rh8+ 50.Kg3 Ra8 51.Kf4 Rf8+
52.Ke4 Ra8 53.Kf4 Rf8+ 54.Kg3 Ra8 55.Re7 Ra4 56.Rxc7 Rxc4  1/2-1/2